<?xml version="1.0" encoding="UTF-8"?>
<collection xmlns="http://www.loc.gov/MARC21/slim">
 <record>
  <leader>01749cmm a22003011a 4500</leader>
  <controlfield tag="001">1/21559</controlfield>
  <controlfield tag="008">980925s1998       a       ua           d</controlfield>
  <datafield tag="020" ind1=" " ind2=" ">
   <subfield code="a">1572317914</subfield>
  </datafield>
  <datafield tag="035" ind1=" " ind2=" ">
   <subfield code="l">22225</subfield>
  </datafield>
  <datafield tag="040" ind1=" " ind2=" ">
   <subfield code="a">GR-PeUP</subfield>
  </datafield>
  <datafield tag="082" ind1="0" ind2="0">
   <subfield code="a">CD-ROM 030 MI</subfield>
  </datafield>
  <datafield tag="090" ind1=" " ind2=" ">
   <subfield code="a">030 MI</subfield>
  </datafield>
  <datafield tag="245" ind1="0" ind2="0">
   <subfield code="a">Microsoft encarta world atlas</subfield>
   <subfield code="h">[interactive multimedia]</subfield>
  </datafield>
  <datafield tag="250" ind1=" " ind2=" ">
   <subfield code="a">Multimedia ed.</subfield>
  </datafield>
  <datafield tag="256" ind1=" " ind2=" ">
   <subfield code="a">Computer data and program.</subfield>
  </datafield>
  <datafield tag="260" ind1=" " ind2=" ">
   <subfield code="a">Redmond, WA :</subfield>
   <subfield code="b">Microsoft,</subfield>
   <subfield code="c">1998.</subfield>
  </datafield>
  <datafield tag="300" ind1=" " ind2=" ">
   <subfield code="a">Computer laser optical discs :</subfield>
   <subfield code="b">sd., col. ;</subfield>
   <subfield code="c">4 3/4 in. +</subfield>
   <subfield code="e">guides.</subfield>
  </datafield>
  <datafield tag="500" ind1=" " ind2=" ">
   <subfield code="a">Title from disc label</subfield>
  </datafield>
  <datafield tag="500" ind1=" " ind2=" ">
   <subfield code="a">Contains Internet Explorer software</subfield>
  </datafield>
  <datafield tag="520" ind1=" " ind2=" ">
   <subfield code="a">A multimedia world atlas which includes images, music and sound clips. Spectacular 3-D virtual flights, 1.2 + million place names, 5000 + comprehensive articles, 9000 +internet links.</subfield>
  </datafield>
  <datafield tag="538" ind1=" " ind2=" ">
   <subfield code="a">Windows system requirements:Multimedia PC with 486DX/50 MHz or higher processor ; Microsoft Windows 95 operating sytem or Windows NT workstation operating system version 4.0 or later ; 8 MB of memory (RAM) for windows 95 (16 MB recommended); 16 MB for Windows NT Workstation (24 MB recommended) ; 29 MB of available hard-disk space ; Double-speed or faster CD-ROM drive ; Super VGA, 256-colour monitor supporting 640x480 or higher resolution ; Microsoft mouse, Microsoft intellimouseTM or compatible pointing device ; sound card and speakers or headphones.</subfield>
  </datafield>
  <datafield tag="650" ind1=" " ind2="4">
   <subfield code="a">Atlases</subfield>
   <subfield code="x">Interactive multimedia.</subfield>
  </datafield>
  <datafield tag="650" ind1=" " ind2="4">
   <subfield code="a">Interactive multimedia.</subfield>
  </datafield>
  <datafield tag="650" ind1=" " ind2="4">
   <subfield code="a">Computer software.</subfield>
  </datafield>
  <datafield tag="650" ind1=" " ind2="4">
   <subfield code="a">CD-ROMs.</subfield>
  </datafield>
  <datafield tag="710" ind1="2" ind2=" ">
   <subfield code="a">Microsoft Corporation.</subfield>
  </datafield>
  <datafield tag="852" ind1=" " ind2=" ">
   <subfield code="a">INST</subfield>
   <subfield code="b">UNIPILB</subfield>
   <subfield code="c">REF</subfield>
   <subfield code="e">20040709</subfield>
   <subfield code="h">CD-ROM 030 MI</subfield>
   <subfield code="p">00133762</subfield>
   <subfield code="q">00133762</subfield>
   <subfield code="t">NOLOAN</subfield>
   <subfield code="y">23</subfield>
   <subfield code="4">1</subfield>
  </datafield>
  <datafield tag="856" ind1="4" ind2=" ">
   <subfield code="a">https://archive.org/details/Microsoft_Encarta_World_Atlas_1998_Edition_OEM_X03-27665</subfield>
  </datafield>
 </record>
</collection>
